Familia, riqueza y poder (Record no. 68603)
[ view plain ]
| 000 -LEADER | |
|---|---|
| fixed length control field | 00881nam a22002177a 4500 |
| 005 - DATE AND TIME OF LATEST TRANSACTION | |
| control field | 20240216143324.0 |
| 008 - FIXED-LENGTH DATA ELEMENTS--GENERAL INFORMATION | |
| fixed length control field | 180502s mx gr|||| 000 0 spa|| |
| 020 ## - INTERNATIONAL STANDARD BOOK NUMBER | |
| International Standard Book Number | 9684962754 |
| 050 04 - LIBRARY OF CONGRESS CALL NUMBER | |
| Classification number | JC419 |
| Item number | A78 1994 |
| 100 1# - MAIN ENTRY--PERSONAL NAME | |
| Personal name | Artís Espriu, Gloria |
| 245 10 - TITLE STATEMENT | |
| Title | Familia, riqueza y poder |
| Remainder of title | : un estudio genealógico de la oligarquía novohispana |
| Statement of responsibility, etc | / Gloria Artís Espriu. |
| 250 ## - EDITION STATEMENT | |
| Edition statement | 1a ed. |
| 260 ## - PUBLICATION, DISTRIBUTION, ETC. (IMPRINT) | |
| Place of publication, distribution, etc | México : |
| Name of publisher, distributor, etc | Centro de Investigaciones y Estudios Superiores en Antropología Social, |
| Date of publication, distribution, etc | 1994 |
| 300 ## - PHYSICAL DESCRIPTION | |
| Extent | 157 p. ; |
| Dimensions | 21 cm. |
| Accompanying material | +1 h. pleg. |
| 490 0# - SERIES STATEMENT | |
| Series statement | Colección Miguel Othón de Mendizábal |
| 650 #7 - SUBJECT ADDED ENTRY--TOPICAL TERM | |
| Source of heading or term | lemb |
| Topical term or geographic name as entry element | Oligarquia |
| Geographic subdivision | Mexico |
| 650 #7 - SUBJECT ADDED ENTRY--TOPICAL TERM | |
| Source of heading or term | lemb |
| Topical term or geographic name as entry element | Feudalismo |
| General subdivision | Historia |
| 651 #7 - SUBJECT ADDED ENTRY--GEOGRAPHIC NAME | |
| Source of heading or term | lemb |
| Geographic name | México |
| General subdivision | Historia |
| Chronological subdivision | Dominación española, 1517-1821 |
| 710 2# - ADDED ENTRY--CORPORATE NAME | |
| Corporate name or jurisdiction name as entry element | Centro de Investigaciones y Estudios Superiores en Antropología Social (México) |
| 942 ## - ADDED ENTRY ELEMENTS (KOHA) | |
| Source of classification or shelving scheme | Biblioteca del Cogreso de los Estados Unidos |
| Koha item type | Libro |
| Estado de pérdida | Fuente de clasificación | Estado del daño | No para préstamo | Ubicación permanente | Ubicación actual | Apartado o colección | Fecha de adquisición | Edición | Dependencia de educación superior (DES) | Área del conocimiento | Clasificación | Código de Barras | Date last seen | Número de copia | Costo por reposición | Tipo de recurso |
|---|---|---|---|---|---|---|---|---|---|---|---|---|---|---|---|---|
| Biblioteca del Cogreso de los Estados Unidos | Uso interno Biblioteca | Biblioteca de la Facultad de Economía | Biblioteca de la Facultad de Economía | General | 16/02/2024 | 1a ed. | Ciencias Económico Administrativas | Ciencias Sociales y Administrativas | JC419 A78 1994 | BFE000013925 | 02/05/2018 | 1 | 1.00 | Libro | ||
| Biblioteca del Cogreso de los Estados Unidos | Biblioteca de la Facultad de Economía | Biblioteca de la Facultad de Economía | General | 16/02/2024 | 1a ed. | Ciencias Económico Administrativas | Ciencias Sociales y Administrativas | JC419 A78 1994 | BFE000013926 | 02/05/2018 | 2 | 1.00 | Libro | |||
| Biblioteca del Cogreso de los Estados Unidos | Biblioteca del Instituto de Investigaciones Históricas | Biblioteca del Instituto de Investigaciones Históricas | General | 25/09/2018 | 1a ed. | Humanidades | Ciencias Sociales y Administrativas | HQ561 A78 1994 | IIH000025980 | 25/09/2018 | C:1 | Libro | ||||
| Biblioteca del Cogreso de los Estados Unidos | Biblioteca del Instituto de Investigaciones Históricas | Biblioteca del Instituto de Investigaciones Históricas | General | 25/09/2018 | 1a ed. | Humanidades | Ciencias Sociales y Administrativas | HQ561 A78 1994 | IIH000025981 | 25/09/2018 | C:2 | Libro |